000 00328nam a2200145Ia 4500
008 230523s9999 xx 000 0 und d
082 _a658.87 COR
100 _aRaj, T. Venkat Ram
245 0 _aCorporate Blogging
260 _aHyderabad
260 _bICFAI University Press
260 _c2008
300 _a226
942 _cTB
999 _c1226
_d1226